[Event "Graz op-A"]
[Site "Graz"]
[Date "2020.02.21"]
[Round "9"]
[White "Soham, Das1111"]
[Black "Buonanno, Raffaele"]
[Result "1-0"]
[WhiteElo "2336"]
[BlackElo "2151"]
[PlyCount "74"]
[EventDate "2020.02.14"]
[EventType "swiss"]
[EventRounds "9"]
[EventCountry "AUT"]
[SourceTitle "CBM 195 Extra"]
[Source "ChessBase"]
[SourceDate "2020.05.31"]
[SourceVersion "1"]
[SourceVersionDate "2020.05.31"]
[SourceQuality "1"]

1. e4 d5 2. exd5 Qxd5 3. Nc3 Qd6 4. d4 Nf6 5. Nf3 c6 6. Ne5 Nbd7 7. f4 Nb6 8. g4 g6 9. Bg2 Bg7 10. 0-0 Nbd5 11. h3 0-0 12. Kh1 Nxc3 13. bxc3 Be6 14. c4 Rad8 15. f5 Bc8 16. c3 c5 17. Ba3 b6 18. Nc6 Rd7 19. Qe2 Bb7 20. d5 gxf5 21. gxf5 Bh6 22. Nxa7 Qg3 23. Nc6 Bf4 24. Rxf4 Qxf4 25. Ne5 Rdd8 26. Rf1 Qh4 27. Nf3 Qe4 28. Qd2 Qxc4 29. Ne5 Qa4 30. Qg5+ Kh8 31. Rg1 Ne4 32. Qh6 Bxd5 33. c4 Ng3+ 34. Kh2 Nxf5 35. Bb2 f6 36. Ng6+ Kg8 37. Bxd5+ Rxd5 1-0

[Event "Graz op-A"]
[Site "Graz"]
[Date "2020.02.20"]
[Round "8"]
[White "Welling, Gerard J"]
[Black "Buonanno, Raffaele"]
[Result "1-0"]
[WhiteElo "2286"]
[BlackElo "2151"]
[PlyCount "39"]
[EventDate "2020.02.14"]
[EventType "swiss"]
[EventRounds "9"]
[EventCountry "AUT"]
[SourceTitle "CBM 195 Extra"]
[Source "ChessBase"]
[SourceDate "2020.05.31"]
[SourceVersion "1"]
[SourceVersionDate "2020.05.31"]
[SourceQuality "1"]

1. d4 Nf6 2. Nf3 g6 3. Nc3 Bg7 4. e4 d6 5. Be3 a6 6. Bd3 0-0 7. Qd2 b5 8. a4 b4 9. Ne2 a5 10. Bh6 Nbd7 11. Bxg7 Kxg7 12. e5 Nd5 13. h4 h5 14. e6 fxe6 15. Bxg6 Kxg6 16. Qg5+ Kh7 17. Qxh5+ Kg8 18. Qg6+ Kh8 19. Qh6+ Kg8 20. Qxe6+ 1-0

[Event "Graz op-A"]
[Site "Graz"]
[Date "2020.02.14"]
[Round "1"]
[White "Schnider, Gert"]
[Black "Buonanno, Raffaele"]
[Result "1/2-1/2"]
[WhiteElo "2429"]
[BlackElo "2151"]
[PlyCount "76"]
[EventDate "2020.02.14"]
[EventType "swiss"]
[EventRounds "9"]
[EventCountry "AUT"]
[SourceTitle "CBM 195 Extra"]
[Source "ChessBase"]
[SourceDate "2020.05.31"]
[SourceVersion "1"]
[SourceVersionDate "2020.05.31"]
[SourceQuality "1"]

1. c4 Nf6 2. Nc3 g6 3. g3 Bg7 4. Bg2 0-0 5. d3 d6 6. e3 e5 7. Nge2 c6 8. 0-0 Re8 9. Rb1 a5 10. b3 Na6 11. a3 d5 12. cxd5 cxd5 13. d4 e4 14. Bd2 Bf5 15. b4 axb4 16. axb4 Nc7 17. b5 Ne6 18. Qb3 Ng5 19. Nf4 Nf3+ 20. Bxf3 exf3 21. Ra1 Rxa1 22. Rxa1 Ne4 23. Be1 Nxc3 24. Bxc3 Be4 25. Qd1 Qd7 26. Nd3 Qxb5 27. Ne1 Rc8 28. Bd2 Qb2 29. Ra7 Bf8 30. Nxf3 Bxf3 31. Qxf3 Qxd2 32. Rxb7 Qc1+ 33. Kg2 Rc7 34. Rxc7 Qxc7 35. Qxd5 Qd6 36. Qf3 Be7 37. h4 h5 38. Qe4 Kg7 1/2-1/2

[Event "Dublin Irish op"]
[Site "Dublin"]
[Date "2019.04.20"]
[Round "6"]
[White "Hafstad, Leif"]
[Black "Buonanno, Raffaele"]
[Result "0-1"]
[WhiteElo "1857"]
[BlackElo "2091"]
[PlyCount "82"]
[EventDate "2019.04.17"]
[EventType "swiss"]
[EventRounds "9"]
[EventCountry "IRL"]
[SourceTitle "CBM 189 Extra"]
[Source "ChessBase"]
[SourceDate "2019.06.03"]
[SourceVersion "1"]
[SourceVersionDate "2019.06.03"]
[SourceQuality "1"]

1. e4 d6 2. d4 g6 3. Nc3 Bg7 4. Be3 a6 5. Qd2 b5 6. h4 h5 7. Nf3 Bb7 8. Ng5 Nd7 9. f3 Ngf6 10. Be2 e5 11. d5 0-0 12. g4 Qe7 13. 0-0-0 Rac8 14. gxh5 Nxh5 15. a4 b4 16. Na2 a5 17. Bb5 Nc5 18. Kb1 Rfd8 19. Nc1 Qf6 20. Qf2 c6 21. dxc6 Bxc6 22. Bxc5 dxc5 23. Rxd8+ Qxd8 24. Bc4 Be8 25. Nd3 Bf6 26. f4 exf4 27. Nxf4 Nxf4 28. Rf1 Qd4 29. Qxd4 cxd4 30. Bxf7+ Bxf7 31. Nxf7 Kxf7 32. Rxf4 Kg7 33. Rf2 Bxh4 34. Rd2 Bf6 35. Ka2 Be5 36. Rf2 Rf8 37. Re2 Rf3 38. Rg2 Re3 39. Rg4 d3 40. cxd3 Rxd3 41. Rg2 b3+ 0-1

[Event "Wch U14"]
[Site "Porto Carras"]
[Date "2018.10.21"]
[Round "2"]
[White "Murzin, Volodar"]
[Black "Buonanno, Raffaele"]
[Result "1-0"]
[WhiteElo "2340"]
[BlackElo "2101"]
[PlyCount "43"]
[EventDate "2018.10.20"]
[EventType "swiss"]
[EventRounds "11"]
[EventCountry "GRE"]
[SourceTitle "CBM 187 Extra"]
[Source "ChessBase"]
[SourceDate "2018.11.04"]
[SourceVersion "1"]
[SourceVersionDate "2018.11.04"]
[SourceQuality "1"]

1. e4 d5 2. exd5 Qxd5 3. Nc3 Qd6 4. d4 c6 5. Nf3 Bg4 6. h3 Bxf3 7. Qxf3 Qxd4 8. Be3 Qd8 9. Bc4 Nf6 10. 0-0 e6 11. Rad1 Nbd7 12. Qg3 Nh5 13. Qf3 Nhf6 14. Rfe1 Be7 15. Qg3 Qa5 16. Bd4 0-0 17. Ne4 b5 18. Bc3 Qd8 19. Rxd7 Qxd7 20. Nxf6+ Bxf6 21. Bxf6 g6 22. Qf4 1-0

[Event "Sant'Angelo Festival Abruzzo"]
[Site "Sant'Angelo"]
[Date "2018.08.05"]
[Round "1.8"]
[White "Delorme, Alban"]
[Black "Buonanno, Raffaele"]
[Result "1-0"]
[WhiteElo "2345"]
[BlackElo "2080"]
[PlyCount "107"]
[EventDate "2018.08.05"]
[EventType "swiss"]
[EventRounds "9"]
[EventCountry "ITA"]
[SourceTitle "EXT 2024"]
[Source "ChessBase"]
[SourceDate "2023.10.10"]
[SourceVersion "1"]
[SourceVersionDate "2023.10.10"]
[SourceQuality "1"]

1. Nf3 Nf6 2. d4 g6 3. g3 Bg7 4. Bg2 0-0 5. 0-0 d6 6. a4 c5 7. Re1 cxd4 8. Nxd4 d5 9. c4 e5 10. Nf3 e4 11. Nd4 Nc6 12. Nc3 Be6 13. cxd5 Bxd5 14. Nxd5 Qxd5 15. Nxc6 Qxc6 16. Qb3 Rfe8 17. a5 Rad8 18. Be3 Qa6 19. Ra4 Re5 20. Qa2 Rb5 21. Bd4 Qc6 22. e3 Qc2 23. Rc4 Qd2 24. Bc3 Qd5 25. Qa4 Qh5 26. h3 a6 27. Qc2 Qf5 28. Bd4 h5 29. b4 Qe6 30. Bc5 Bf8 31. Bb6 Re8 32. Rb1 Bd6 33. Bc5 Bb8 34. Rd1 h4 35. gxh4 Qf5 36. Qe2 Qe5 37. Kf1 Qe6 38. Bd4 Nh5 39. Bc5 Nf6 40. Qc2 Kg7 41. Ke1 Be5 42. Bd4 Bxd4 43. Rdxd4 Rh8 44. Qc3 Rxh4 45. Rxe4 Rxe4 46. Rxe4 Qd6 47. Rf4 Rg5 48. Bf1 b5 49. axb6 Qxb6 50. Bd3 Qe6 51. Bc4 Qd6 52. Ke2 Re5 53. Qd4 Qc7 54. Rxf6 1-0

[Event "Napoli Moscarella Memorial"]
[Site "Napoli"]
[Date "2016.01.21"]
[Round "3"]
[White "Buonanno, Raffaele"]
[Black "Buiano, Fabio"]
[Result "0-1"]
[WhiteElo "1779"]
[BlackElo "2163"]
[PlyCount "94"]
[EventDate "2016.01.07"]
[EventType "swiss"]
[EventRounds "6"]
[EventCountry "ITA"]
[SourceTitle "EXT 2018"]
[Source "ChessBase"]
[SourceDate "2017.10.13"]
[SourceVersion "1"]
[SourceVersionDate "2017.10.13"]
[SourceQuality "1"]

1. d4 Nf6 2. c4 e6 3. Nc3 Bb4 4. Qc2 0-0 5. a3 Bxc3+ 6. Qxc3 Ne4 7. Qc2 f5 8. Nf3 b6 9. e3 Bb7 10. Bd3 d6 11. 0-0 Nd7 12. Nd2 Qh4 13. f3 Ng5 14. Rf2 Rf6 15. Nf1 Rg6 16. Kh1 c5 17. d5 Ne5 18. Rd2 Ngxf3 19. gxf3 Qh3 20. Rg2 Nxd3 21. Qe2 Ne5 22. Rxg6 hxg6 23. Ng3 exd5 24. cxd5 Bxd5 25. e4 fxe4 26. fxe4 Bc4 27. Qc2 Rf8 28. Bg5 d5 29. Qg2 Qg4 30. Be7 Re8 31. Bd6 dxe4 32. Re1 Nf3 33. Re3 Bd5 34. h3 Qg5 35. Qf2 Bc6 36. Ne2 Rd8 37. Bg3 Rd1+ 38. Kg2 Nh4+ 39. Kh2 Nf5 40. Bf4 Qd8 41. Nc3 Nxe3 42. Bxe3 Rd3 43. Qf4 Qf6 44. Qb8+ Kh7 45. Qg3 Qf3 46. Qh4+ Kg8 47. Bf2 e3 0-1

[Event "Napoli Moscarella Memorial"]
[Site "Napoli"]
[Date "2016.01.14"]
[Round "2"]
[White "Gallo, Thomas Renato"]
[Black "Buonanno, Raffaele"]
[Result "0-1"]
[WhiteElo "1870"]
[BlackElo "1779"]
[PlyCount "84"]
[EventDate "2016.01.07"]
[EventType "swiss"]
[EventRounds "6"]
[EventCountry "ITA"]
[SourceTitle "EXT 2018"]
[Source "ChessBase"]
[SourceDate "2017.10.13"]
[SourceVersion "1"]
[SourceVersionDate "2017.10.13"]
[SourceQuality "1"]

1. d4 Nf6 2. c4 g6 3. Nc3 Bg7 4. e4 d6 5. Nge2 0-0 6. Be3 e5 7. Qd2 Nc6 8. d5 Ne7 9. Bh6 Ne8 10. h4 f5 11. g3 Nf6 12. Bxg7 Kxg7 13. Bg2 a6 14. f4 Re8 15. fxe5 dxe5 16. 0-0-0 Ng4 17. Rdf1 h5 18. Bh3 Nh6 19. Rf2 Qd6 20. Qe3 Qb4 21. b3 b5 22. c5 fxe4 23. d6 cxd6 24. cxd6 Qxd6 25. Rd1 Qc6 26. Bxc8 Raxc8 27. Kb2 Ng4 28. Qg5 Nxf2 29. Qxe5+ Qf6 30. Qxf6+ Kxf6 31. Rf1 e3 32. Ne4+ Ke5 33. Nxf2 exf2 34. Rxf2 Nf5 35. Nf4 Kf6 36. Nd5+ Kg7 37. Rf3 Rc5 38. Nb4 a5 39. Nd3 Rd5 40. Nf4 Rd2+ 41. Ka3 b4+ 42. Ka4 Rxa2+ 0-1

[Event "EU-ch U12 25th"]
[Site "Porec"]
[Date "2015.09.30"]
[Round "9"]
[White "Buonanno, Raffaele"]
[Black "Popvasilev, Kalojan"]
[Result "0-1"]
[WhiteElo "1832"]
[BlackElo "1598"]
[PlyCount "58"]
[EventDate "2015.09.21"]
[EventType "swiss"]
[EventRounds "9"]
[EventCountry "CRO"]
[SourceTitle "EXT 2016"]
[Source "ChessBase"]
[SourceDate "2015.10.08"]
[SourceVersion "1"]
[SourceVersionDate "2015.10.08"]
[SourceQuality "1"]

1. d4 Nf6 2. c4 g6 3. Nc3 d5 4. cxd5 Nxd5 5. e4 Nxc3 6. bxc3 Bg7 7. Bc4 c5 8. Ne2 Nc6 9. Be3 0-0 10. Rc1 cxd4 11. cxd4 Qa5+ 12. Kf1 Bd7 13. h4 h5 14. Nf4 e6 15. e5 Ne7 16. g4 Bb5 17. Bxb5 Qxb5+ 18. Kg1 hxg4 19. Qxg4 Rfc8 20. Rf1 Kh7 21. h5 g5 22. h6 Bh8 23. Qh5 Rf8 24. Nh3 f6 25. exf6 Bxf6 26. Bxg5 Rae8 27. Qg4 Rg8 28. f4 Bxd4+ 29. Kh2 Qb2+ 0-1

[Event "EU-ch U12 25th"]
[Site "Porec"]
[Date "2015.09.28"]
[Round "7"]
[White "Meglic, Enej"]
[Black "Buonanno, Raffaele"]
[Result "0-1"]
[WhiteElo "1401"]
[BlackElo "1832"]
[PlyCount "102"]
[EventDate "2015.09.21"]
[EventType "swiss"]
[EventRounds "9"]
[EventCountry "CRO"]
[SourceTitle "EXT 2016"]
[Source "ChessBase"]
[SourceDate "2015.10.08"]
[SourceVersion "1"]
[SourceVersionDate "2015.10.08"]
[SourceQuality "1"]

1. e4 d6 2. d4 Nf6 3. Nc3 g6 4. f4 Bg7 5. Nf3 0-0 6. e5 Nfd7 7. Bc4 Nb6 8. Be2 Nc6 9. 0-0 f6 10. d5 Nb8 11. exd6 exd6 12. Nh4 f5 13. Nf3 Re8 14. a4 a5 15. Bd2 Na6 16. Bxa6 Rxa6 17. Re1 Bd7 18. b3 Ra8 19. Rxe8+ Qxe8 20. Rc1 h6 21. Kh1 Qf7 22. Be1 Bxc3 23. Bxc3 Nxd5 24. Qd4 Nxc3 25. Qxc3 Be6 26. Nd4 c6 27. Re1 Bd5 28. Qg3 Kh7 29. Qh4 Be4 30. Nf3 Kg7 31. Nd2 d5 32. Re3 Qf6 33. Qxf6+ Kxf6 34. c4 Re8 35. cxd5 Bxg2+ 36. Kxg2 Rxe3 37. dxc6 bxc6 38. Nc4 Rxb3 39. Nxa5 Ra3 40. Nxc6 Rxa4 41. Kg3 g5 42. fxg5+ hxg5 43. h3 f4+ 44. Kf3 Ra3+ 45. Kg2 Kg6 46. Ne5+ Kh5 47. Nf3 Rxf3 48. Kxf3 Kh4 49. Kg2 f3+ 50. Kxf3 Kxh3 51. Ke3 g4 0-1

[Event "EU-ch U12 25th"]
[Site "Porec"]
[Date "2015.09.24"]
[Round "4"]
[White "Buonanno, Raffaele"]
[Black "Marko, Pirro"]
[Result "1/2-1/2"]
[WhiteElo "1832"]
[BlackElo "1396"]
[PlyCount "80"]
[EventDate "2015.09.21"]
[EventType "swiss"]
[EventRounds "9"]
[EventCountry "CRO"]
[SourceTitle "EXT 2016"]
[Source "ChessBase"]
[SourceDate "2015.10.08"]
[SourceVersion "1"]
[SourceVersionDate "2015.10.08"]
[SourceQuality "1"]

1. d4 d5 2. c4 e6 3. Nc3 Nf6 4. cxd5 exd5 5. Bg5 c6 6. e3 Be7 7. Qc2 Nbd7 8. Bd3 0-0 9. Nge2 Re8 10. 0-0 Nf8 11. f3 h6 12. Bh4 Ne6 13. Rab1 Bd7 14. b4 Rc8 15. b5 cxb5 16. Bxb5 Bxb5 17. Rxb5 b6 18. Qd2 a6 19. Rb3 b5 20. Bg3 Qd7 21. Nf4 Nxf4 22. Bxf4 Bd6 23. Bxd6 Qxd6 24. Ne2 Rc4 25. Nf4 Rec8 26. Rb2 Qc6 27. Nd3 Rc2 28. Qb4 Rxb2 29. Qxb2 Kh7 30. Rc1 Qb7 31. Kf2 Rxc1 32. Qxc1 Nd7 33. Qc2 Kg8 34. Ke2 Nb6 35. Qc5 Na4 36. Qc2 Nb6 37. Qc5 Na4 38. Qc2 Nb6 39. Qc5 Na4 40. Qc2 Nb6 1/2-1/2

[Event "EU-ch U12 25th"]
[Site "Porec"]
[Date "2015.09.23"]
[Round "3"]
[White "Papunidi, Matvey"]
[Black "Buonanno, Raffaele"]
[Result "1-0"]
[WhiteElo "1490"]
[BlackElo "1832"]
[PlyCount "89"]
[EventDate "2015.09.21"]
[EventType "swiss"]
[EventRounds "9"]
[EventCountry "CRO"]
[SourceTitle "EXT 2016"]
[Source "ChessBase"]
[SourceDate "2015.10.08"]
[SourceVersion "1"]
[SourceVersionDate "2015.10.08"]
[SourceQuality "1"]

1. e4 d6 2. d4 Nf6 3. Nc3 g6 4. g3 Bg7 5. Bg2 0-0 6. Nge2 e5 7. h3 Nc6 8. Be3 exd4 9. Nxd4 Re8 10. 0-0 Bd7 11. Re1 Nxd4 12. Bxd4 Qc8 13. g4 Bc6 14. Qd3 Qe6 15. Nd5 Bxd5 16. exd5 Qd7 17. Qc3 Rxe1+ 18. Rxe1 Qd8 19. Kf1 a6 20. Bf3 h6 21. b3 Kh7 22. Re2 Rc8 23. Qa1 Qh8 24. Re7 Kg8 25. Qe1 Kf8 26. Rxf7+ Kxf7 27. Qe6+ Kf8 28. Qxc8+ Ne8 29. Bxg7+ Qxg7 30. Qxb7 Qa1+ 31. Kg2 Qxa2 32. Be4 g5 33. Qc8 Qa1 34. Bg6 Qe5 35. Qxe8+ Qxe8 36. Bxe8 Kxe8 37. Kf3 Kf7 38. Ke4 Kf6 39. f4 gxf4 40. Kxf4 Kg6 41. h4 Kf6 42. g5+ Kg6 43. gxh6 Kxh6 44. Kf5 Kg7 45. Ke6 1-0

[Event "EU-ch U12 25th"]
[Site "Porec"]
[Date "2015.09.22"]
[Round "2"]
[White "Buonanno, Raffaele"]
[Black "Sjoberg, Isak"]
[Result "0-1"]
[WhiteElo "1832"]
[BlackElo "1778"]
[PlyCount "84"]
[EventDate "2015.09.21"]
[EventType "swiss"]
[EventRounds "9"]
[EventCountry "CRO"]
[SourceTitle "EXT 2016"]
[Source "ChessBase"]
[SourceDate "2015.10.08"]
[SourceVersion "1"]
[SourceVersionDate "2015.10.08"]
[SourceQuality "1"]

1. d4 Nf6 2. c4 g6 3. Nc3 Bg7 4. e4 d6 5. f3 a6 6. Be3 0-0 7. Qd2 Nbd7 8. g4 c5 9. d5 Ne8 10. 0-0-0 Qa5 11. Kb1 b5 12. Rc1 Nb6 13. h4 b4 14. Nd1 Rb8 15. Bh6 e6 16. h5 g5 17. Bxg7 Nxg7 18. h6 Ne8 19. Be2 Na4 20. Ka1 Bd7 21. f4 gxf4 22. Qxf4 b3 23. a3 e5 24. Qe3 Kh8 25. Nf2 Nb6 26. Ngh3 Bxg4 27. Bxg4 Nxc4 28. Qd3 Nxa3 29. bxa3 b2+ 30. Ka2 bxc1Q 31. Rxc1 Rg8 32. Be2 Rg6 33. Qe3 Nc7 34. Ng1 Nb5 35. Bxb5 axb5 36. Nf3 b4 37. Nh4 Rg5 38. Rb1 Ra8 39. Rb3 bxa3 40. Rxa3 Qxa3+ 41. Qxa3 Rxa3+ 42. Kxa3 Rg3+ 0-1

[Event "ITA-ch U16"]
[Site "Montesilvano"]
[Date "2015.07.05"]
[Round "9"]
[White "Buonanno, Raffaele"]
[Black "Della Peruta, Lorenzo"]
[Result "1-0"]
[WhiteElo "1704"]
[BlackElo "1608"]
[PlyCount "85"]
[EventDate "2015.06.29"]
[EventType "swiss"]
[EventRounds "9"]
[EventCountry "ITA"]
[SourceTitle "EXT 2024"]
[Source "ChessBase"]
[SourceDate "2023.10.10"]
[SourceVersion "1"]
[SourceVersionDate "2023.10.10"]
[SourceQuality "1"]

1. d4 d5 2. c4 c6 3. cxd5 cxd5 4. Nc3 Nf6 5. Bf4 Nc6 6. e3 Bf5 7. Qb3 Qb6 8. Qxb6 axb6 9. Nf3 e6 10. Nh4 Bb4 11. f3 Bxc3+ 12. bxc3 Ra3 13. Kd2 0-0 14. Bd6 Rfa8 15. Bxa3 Rxa3 16. Nxf5 exf5 17. Bd3 g6 18. Rhb1 Nd7 19. Rb3 Rxb3 20. axb3 Na5 21. Kc2 Kf8 22. c4 dxc4 23. bxc4 Nc6 24. Kc3 Ke7 25. e4 f4 26. e5 f6 27. exf6+ Kxf6 28. Be4 Nf8 29. Ra8 Nd7 30. Bxc6 bxc6 31. Kb4 c5+ 32. dxc5 bxc5+ 33. Kb5 Ke5 34. Rc8 Kd6 35. Rc6+ Ke5 36. Rxc5+ Kd6 37. Rd5+ Kc7 38. Rxd7+ Kxd7 39. Kc5 g5 40. Kd5 h5 41. Ke5 g4 42. fxg4 hxg4 43. Kxf4 1-0

[Event "ITA-ch U16"]
[Site "Montesilvano"]
[Date "2015.07.04"]
[Round "8"]
[White "Bettalli, Francesco"]
[Black "Buonanno, Raffaele"]
[Result "1/2-1/2"]
[WhiteElo "1889"]
[BlackElo "1704"]
[PlyCount "29"]
[EventDate "2015.06.29"]
[EventType "swiss"]
[EventRounds "9"]
[EventCountry "ITA"]
[SourceTitle "EXT 2024"]
[Source "ChessBase"]
[SourceDate "2023.10.10"]
[SourceVersion "1"]
[SourceVersionDate "2023.10.10"]
[SourceQuality "1"]

1. d4 d5 2. c4 e5 3. dxe5 d4 4. Nf3 Nc6 5. g3 Nge7 6. Bg2 Be6 7. b3 Qd7 8. 0-0 0-0-0 9. a3 Ng6 10. Bb2 Bh3 11. b4 Ncxe5 12. Nxe5 Nxe5 13. c5 Bxg2 14. Kxg2 h5 15. h4 1/2-1/2